[Event "Heraklion Gazi op 13th"]
[Site "Heraklion"]
[Date "2017.07.28"]
[Round "1"]
[White "Zinchenko, Yaroslav"]
[Black "Koutroumanos, Ioannis"]
[Result "1-0"]
[WhiteElo "2547"]
[BlackElo "1495"]
[PlyCount "71"]
[EventDate "2017.07.28"]
[EventType "swiss"]
[EventRounds "9"]
[EventCountry "GRE"]
[SourceTitle "CBM 179 Extra"]
[Source "ChessBase"]
[SourceDate "2017.08.23"]
[SourceVersion "1"]
[SourceVersionDate "2017.08.23"]
[SourceQuality "1"]

1. e4 d5 2. exd5 Qxd5 3. Nc3 Qd8 4. d4 Nf6 5. Bg5 c6 6. Qd2 Bf5 7. Nf3 e6 8. a3 Be7 9. Be2 Nbd7 10. 0-0 Bg4 11. Rfe1 0-0 12. h3 Bxf3 13. Bxf3 Nb6 14. Qd3 Nbd5 15. Ne2 Nd7 16. Bd2 Bg5 17. c4 Bxd2 18. Qxd2 N5f6 19. Nc3 Qc7 20. Ne4 Rfd8 21. Qc3 Rac8 22. b4 b6 23. Nd2 Nf8 24. Nb3 a6 25. g3 Rd7 26. a4 Ng6 27. a5 Rcd8 28. axb6 Qxb6 29. Nc5 Ra7 30. Ra4 Nd7 31. Rea1 Nxc5 32. dxc5 Qc7 33. b5 cxb5 34. cxb5 Qe5 35. Qxe5 Nxe5 36. Bg2 1-0